Villes ecrites en Blanc aux Etats-Unis sur Google Maps - Statistiques

Statistiques générales
  • Ce quiz a été pris 88 fois
  • Le résultat moyen est 27 sur 42
Statistiques - réponses
Hint Réponse % Correct
Californie Los Angeles
96%
New York New York
96%
Floride Miami
94%
Californie San Francisco
90%
Massachussetts Boston
88%
Illinois Chicago
87%
Nevada Las Vegas
84%
Texas Dallas
81%
Pennsylvanie Philadelphie
81%
Texas Houston
79%
Californie San Diego
79%
Washington Seattle
79%
Géorgie Atlanta
78%
Colorado Denver
78%
Indiana Indianapolis
76%
Arizona Phoenix
74%
Floride Orlando
71%
Californie Sacramento
68%
Maryland Washington
68%
Michigan Détroit
66%
Oregon Portland
66%
Texas Austin
65%
Oklahoma Oklahoma City
63%
Texas San Antonio
62%
Californie San José
57%
Floride Jacksonville
54%
Nouveau-Mexique Albuquerque
53%
Caroline du Nord Charlotte
53%
Minesota Minneapolis
53%
Missouri Saint-Louis
53%
Tennessee Nashville
51%
Maryland Baltimore
50%
Floride Tampa
50%
Missouri Kansas City
47%
Ohio Cleveland
44%
Ohio Cincinnati
40%
Arizona Tucson
40%
Wisconsin Milwaukee
38%
Pennsylvanie Pittsburgh
38%
Texas Fort Worth
37%
Kentucky Louisville
32%
Ohio Colombus
31%
Aucun quiz correspondant
Distribution des résultats
% des personnes avec chaque résultat
Percentile par nombre de réponses
Votre historique - résultats
Vous n’avez pas pris ce quiz